000 00714nam a2200241Ia 4500
003 OSt
005 20220923223111.0
006 a|||||r|||| 00| 0
007 ta
008 220922b |||||||| |||| 00| 0 hin d
024 _a211,044
037 _cTextual
040 _aARTS
_cARTS
_bhin
041 _2hin
_ahin
082 _aO152,3N37x, N4
100 _aजोशी, मालती
245 0 _aअंतिम संक्षेप
246 _aAantim sankṣhepa
260 _aदिल्ली
_b विकास पेपर बैक्स
_c1994
300 _a131पृ.
_ccm.
942 _hO152,3N37x, N4
_cTEXL
_2CC
999 _c361323
_d361323